000 00281nam a22001337a 4500
008 190205b xxu||||| |||| 00| 0 eng d
020 _a41809
041 _aeng
080 _22nd
_a616.073
100 _a6
101 _aGJEN
245 _aGenetics
_cStrickberger
942 _2udc
_cBK
999 _c54039
_d54039